000 00345nam a2200169Ia 4500
100 _aTheraja/B.L
650 _aPhysics
942 _cBK
366 _f15
654 _amodern physics
245 _aModern Physics
260 _bS.Chand and Co.
_aMumbai
_c2008
082 _a539/THE
_bTHE
300 _a326
546 _aENGLISH
999 _c34612
_d34612